Experiencing our biblical heritage (Record no. 22338)

MARC details
000 -LEADER
fixed length control field 00721cam a2200181 a 4500
020 ## - INTERNATIONAL STANDARD BOOK NUMBER
ISBN 1565634969 (pbk.)
020 ## - INTERNATIONAL STANDARD BOOK NUMBER
ISBN 9781565634961 (pbk.)
082 00 - DEWEY DECIMAL CLASSIFICATION NUMBER
Classification number 230.0411
Author Cutter MUR
100 1# - MAIN ENTRY--AUTHOR NAME
Author name Murphy, Roland E.
245 10 - TITLE STATEMENT
Title Experiencing our biblical heritage
260 ## - PUBLICATION, DISTRIBUTION, ETC. (IMPRINT)
Place of publication Peabody, Mass. :
Name of publisher Hendrickson Publishers,
Year of publication c2001.
300 ## - PHYSICAL DESCRIPTION
Number of Pages xv, 185 p. ;
520 ## - SUMMARY, ETC.
Summary, etc Bible. -- Old Testament -- Criticism, interpretation, etc.<br/>Carmelites -- Spiritual life.<br/>Carmes -- Vie spirituelle.
650 ## - SUBJECT ADDED ENTRY--TOPICAL TERM
Topical Term Bible. -- Old Testament -- Criticism, interpretation, etc
856 42 - ELECTRONIC LOCATION AND ACCESS
Uniform Resource Identifier http://www.loc.gov/catdir/description/hend021/2001024798.html
856 42 - ELECTRONIC LOCATION AND ACCESS
Uniform Resource Identifier http://www.loc.gov/catdir/enhancements/fy0706/2001024798-b.html
942 ## - ADDED ENTRY ELEMENTS (KOHA)
Koha item type Books
Holdings
Home library Current library Shelving location Date acquired Full call number Accession Number Koha item type
Henry Martyn Institute Library Henry Martyn Institute Library General stacks 10/23/2018 230.0411 MUR 11003717 Books
Henry Martyn Institute Library Henry Martyn Institute Library General stacks 11/02/2018 230.0411 MUR 11003838 Books
                   Copyright © 2026 | Henry Martyn Institute | Hyderabad | TS-500052 | INDIA | Implemented by hmi.edu.in
Hit-Count:

Powered by Koha